Statistics for Minecraft Items by Picture #2

Click here to take the quiz!

General Stats

  • This quiz has been taken 51 times
  • The average score is 16 of 20

Answer Stats

Answer% Correct
Bread
100%
Rotten Flesh
98%
Diamond Chestplate
94%
Emerald
94%
Ink Sac
94%
Gunpowder
91%
Map
91%
Lead
87%
Armor Stand
83%
Iron Nugget
83%
Orange Dye
83%
Carrot on a Stick
79%
Nether Wart
79%
Kelp
77%
Chainmail Boots
74%
Goat Horn
72%
Melon Seeds
72%
Glow Berries
70%
Nautilus Shell
62%
Scute
57%

Score Distribution

Percentile by Number Answered

Percent of People with Each Score

Your Score History

You have not taken this quiz